Joueurs de tennis ayant disputé au moins 10 finales en Grand Chelem - Statistiques

Statistiques générales
  • Ce quiz a été pris 902 fois
  • Le résultat moyen est 9 sur 13
Statistiques - réponses
Joueurs Finales jouées % Correct
Rafael Nadal 30
100%
Novak Djokovic 38
99%
Roger Federer 31
99%
Andy Murray 11
83%
Björn Borg 16
78%
André Agassi 15
77%
Pete Sampras 18
77%
John McEnroe 11
71%
Ivan Lendl 19
59%
Jimmy Connors 15
52%
Boris Becker 10
51%
Mats Wilander 11
47%
Stefan Edberg 11
47%
Aucun quiz correspondant
Distribution des résultats
% des personnes avec chaque résultat
Percentile par nombre de réponses
Votre historique - résultats
Vous n’avez pas pris ce quiz